[Event "Olexuv memorial 2016"]
[Site "?"]
[Date "2016.12.26"]
[Round "1.1"]
[White "Snorek, Milan"]
[Black "Hala, Pavel"]
[Result "1-0"]
[WhiteElo "2054"]
[BlackElo "1638"]
[PlyCount "83"]
[EventDate "2016.12.26"]
[SourceDate "2016.12.26"]

1. d4 d6 2. Nf3 e6 3. g3 h6 4. Bg2 c6 5. O-O Ne7 6. c4 Ng6 7. Nc3 Be7 8. h4 O-O
9. h5 Nh8 10. e4 f5 11. exf5 Rxf5 12. Nh2 Rf8 13. Re1 Nf7 14. f4 Bf6 15. Be3 d5
16. c5 Nd7 17. Bf2 Re8 18. Ng4 Nf8 19. Qc2 Nh7 20. b4 Bd7 21. a4 b5 22. axb5
cxb5 23. Ra5 Qb8 24. Rea1 Bd8 25. R5a2 Qb7 26. Ra6 Bc8 27. Bf1 Qe7 28. Bxb5
Bxa6 29. Bxe8 Qxe8 30. Rxa6 Nh8 31. Qe2 Qxh5 32. Qxe6+ Qf7 33. Qxf7+ Nxf7 34.
Nxd5 h5 35. Ne5 Nh6 36. c6 Nf6 37. Nxf6+ Bxf6 38. Nd7 Be7 39. b5 Bd8 40. b6
Bxb6 41. Nxb6 Rb8 42. c7 1-0

[Event "Olexuv memorial 2016"]
[Site "?"]
[Date "2016.12.26"]
[Round "1.3"]
[White "Doskar , Miloslav "]
[Black "Zacek , Petr"]
[Result "1/2-1/2"]
[WhiteElo "1652"]
[BlackElo "2009"]
[PlyCount "82"]

1. d4 d5 2. c4 e6 3. Nf3 Nf6 4. e3 Be7 5. Nc3 O-O 6. Bd3 Nbd7 7. O-O b6 8. b3
Bb7 9. Bb2 c5 10. cxd5 exd5 11. Rc1 Rc8 12. Qe2 Ne4 13. Ba6 Nxc3 14. Bxc3 Qc7
15. Bxb7 Qxb7 16. dxc5 Nxc5 17. Nd4 Ne4 18. Bb2 Qd7 19. Rfd1 Bf6 20. f3 Nc5 21.
Ba3 Rfe8 22. Qd2 Be7 23. Bb2 a5 24. Ne2 Rcd8 25. Ng3 Qe6 26. Bd4 Bd6 27. Qf2
Qg6 28. Rc3 h5 29. Ne2 Qh6 30. g3 g5 31. Kg2 f5 32. Rc2 Qg6 33. Nc3 Qe6 34. Re2
Be5 35. Rdd2 Qf6 36. Bxc5 Bxc3 37. Bd4 Bxd4 38. Rxd4 Re6 39. Red2 Red6 40. Qe2
Qe6 41. Qd3 g4 1/2-1/2

[Event "Olexuv memorial 2016"]
[Site "?"]
[Date "2016.12.26"]
[Round "1.4"]
[White "Borovicka, Bohumil"]
[Black "Divis, Jan"]
[Result "1-0"]
[WhiteElo "1991"]
[BlackElo "1634"]
[PlyCount "47"]

1. d4 Nf6 2. Nf3 e6 3. e3 d5 4. Bd3 Nbd7 5. Nbd2 c5 6. c3 cxd4 7. exd4 Bd6 8.
O-O O-O 9. Re1 Qc7 10. Nf1 Re8 11. Bg5 h6 12. Bh4 g5 13. Bg3 Bxg3 14. Nxg3 Nf8
15. Ne5 Re7 16. Nh5 Nxh5 17. Qxh5 Kg7 18. Ng4 f5 19. Qxh6+ Kf7 20. Qh5+ Kg7 21.
Qxg5+ Kh8 22. Bxf5 e5 23. Qf6+ Rg7 24. Qxf8+ 1-0

[Event "Olexuv memorial 2016"]
[Site "?"]
[Date "2016.12.26"]
[Round "1.5"]
[White "Kriz, Tomas"]
[Black "Marsa, Alexandr"]
[Result "0-1"]
[WhiteElo "1432"]
[BlackElo "1906"]
[PlyCount "116"]
[SourceDate "2016.12.26"]

1. e4 e6 2. d4 d5 3. exd5 exd5 4. Bd3 Nc6 5. Ne2 Bg4 6. c3 Nf6 7. O-O Be7 8. f3
Bh5 9. Nf4 Bg6 10. Re1 Qd7 11. Bb5 O-O 12. Nxg6 hxg6 13. Bf4 Rfe8 14. Nd2 a6
15. Bd3 Bd6 16. Bxd6 Qxd6 17. Qc2 Nh5 18. Nf1 Nf4 19. Qd2 Kf8 20. Ng3 Rxe1+ 21.
Rxe1 Re8 22. Bc2 Nd8 23. Re3 Rxe3 24. Qxe3 Nde6 25. Ba4 Qb6 26. Qd2 c5 27. Kh1
cxd4 28. cxd4 Qxd4 29. Qxd4 Nxd4 30. Bd1 Nd3 31. Kg1 Nxb2 32. Be2 Nxe2+ 33.
Nxe2 Ke7 34. Kf1 Kd6 35. Ke1 Nd3+ 36. Kd2 Nb4 37. Kc3 Nc6 38. a3 Kc5 39. f4 b5
40. g4 d4+ 41. Kb3 Kd5 42. f5 Ke4 43. fxg6 fxg6 44. Ng3+ Ke3 45. Kc2 d3+ 46.
Kc3 Ne5 47. g5 Nf3 48. Nf1+ Kf2 49. Nd2 Nxd2 50. Kxd2 a5 51. Kxd3 Kg2 52. Kd4
Kxh2 53. Kc5 b4 54. a4 b3 55. Kb5 b2 56. Kxa5 b1=Q 57. Ka6 Qb8 58. a5 Qa8+ 0-1

[Event "Olexuv memorial 2016"]
[Site "?"]
[Date "2016.12.26"]
[Round "1.6"]
[White "Effenberger, Adam"]
[Black "Hladky, Jiri"]
[Result "1-0"]
[WhiteElo "1868"]
[BlackElo "1304"]
[PlyCount "43"]
[SourceDate "2016.12.26"]

1. d4 Nf6 2. Nf3 e6 3. c4 d5 4. Nc3 c5 5. cxd5 Nxd5 6. e4 Nxc3 7. bxc3 Nc6 8.
d5 exd5 9. exd5 Ne7 10. Bb5+ Bd7 11. Qe2 Qa5 12. Bxd7+ Kxd7 13. Ne5+ Ke8 14.
Bd2 Rd8 15. c4 Qc7 16. O-O f6 17. Nd3 b6 18. Bf4 Qd7 19. d6 Qf5 20. dxe7 Bxe7
21. Rfe1 Rd7 22. Bd6 1-0

[Event "Olexuv memorial 2016"]
[Site "?"]
[Date "2016.12.26"]
[Round "1.7"]
[White "Richterova, Natasa"]
[Black "Micka, Norbert"]
[Result "0-1"]
[WhiteElo "1274"]
[BlackElo "1836"]
[PlyCount "80"]
[SourceDate "2016.12.26"]

1. d4 Nf6 2. Bg5 Ne4 3. Bf4 c5 4. f3 Qa5+ 5. c3 Nf6 6. e4 cxd4 7. Bxb8 dxc3 8.
Nxc3 Rxb8 9. Bc4 e6 10. a3 Qc5 11. Qd3 a6 12. b4 Qc7 13. Nge2 Be7 14. O-O b5
15. Bb3 Bb7 16. Rac1 Qb6+ 17. Kh1 d6 18. Nd4 O-O 19. Rfe1 Rfe8 20. Nde2 Rbd8
21. Nf4 Bf8 22. Rcd1 Nd7 23. Bc2 Ne5 24. Qd4 Qxd4 25. Rxd4 Nc4 26. Rdd1 Nxa3
27. Bb3 Rc8 28. Rc1 g6 29. Nce2 Rxc1 30. Rxc1 Rc8 31. Ra1 Nc4 32. Rd1 Rd8 33.
Nc3 Bg7 34. Rc1 d5 35. exd5 exd5 36. Nce2 d4 37. Bxc4 bxc4 38. Rxc4 d3 39. Nc3
Bxc3 40. Rxc3 d2 0-1

[Event "Olexuv memorial 2016"]
[Site "?"]
[Date "2016.12.26"]
[Round "1.8"]
[White "Pelikan, Jaromir"]
[Black "Hladky, Tadeas"]
[Result "1-0"]
[WhiteElo "1832"]
[BlackElo "1264"]
[PlyCount "45"]

1. d4 Nf6 2. Nf3 e6 3. g3 d5 4. Bg2 c5 5. O-O Nc6 6. c4 dxc4 7. Qa4 Qb6 8. dxc5
Bxc5 9. Qxc4 O-O 10. a3 Na5 11. Qc2 Nb3 12. Ra2 Bd7 13. Nc3 Nxc1 14. Qxc1 Ng4
15. Ne4 Rac8 16. Qf4 Nh6 17. Nf6+ gxf6 18. Qxh6 Qb3 19. Qxf6 Qxa2 20. Ng5 Bxf2+
21. Kxf2 Qc4 22. Be4 h6 23. Bh7# 1-0

[Event "Olexuv memorial 2016"]
[Site "?"]
[Date "2016.12.26"]
[Round "1.9"]
[White "Koci, Milos"]
[Black "Veznik, Michael"]
[Result "0-1"]
[WhiteElo "1347"]
[BlackElo "1780"]
[PlyCount "60"]
[SourceDate "2016.12.26"]

1. d4 e6 2. Bf4 g5 3. Bd2 h5 4. g3 Bg7 5. e3 Ne7 6. Nc3 b6 7. Bg2 Nbc6 8. a3
Bb7 9. Nf3 Ng6 10. Qe2 g4 11. Ng1 Nxd4 12. exd4 Bxg2 13. d5 Bxh1 14. f3 gxf3
15. Nxf3 Qf6 16. Ng5 Qe5 17. O-O-O Qxe2 18. Nxe2 Bxd5 19. Rf1 O-O 20. Nf4 Nxf4
21. Rxf4 f6 22. Nh3 Bh6 23. Rh4 Bxd2+ 24. Kxd2 Kf7 25. Rf4 Ke7 26. Nf2 f5 27.
Nd3 d6 28. Nb4 Be4 29. Nd3 e5 30. Rf2 Rh8 0-1

[Event "Olexuv memorial 2016"]
[Site "?"]
[Date "2016.12.26"]
[Round "1.10"]
[White "Richterova, Julie"]
[Black "Brda, Vlastimil"]
[Result "1-0"]
[WhiteElo "1779"]
[BlackElo "1234"]
[PlyCount "85"]

1. d4 d5 2. c4 dxc4 3. Nc3 Bd7 4. e4 e6 5. Bxc4 Bb4 6. Qb3 Nc6 7. Nf3 Qe7 8.
Bg5 f6 9. Bf4 Na5 10. Qc2 Nxc4 11. O-O Bc6 12. d5 Bd7 13. dxe6 Bxe6 14. Nd5
Bxd5 15. exd5 Nd6 16. a3 Qf7 17. axb4 Ne7 18. Qxc7 Nef5 19. Bxd6 Qxc7 20. Bxc7
Kd7 21. Bf4 g5 22. Bd2 g4 23. Ne1 Nd4 24. Be3 Nb5 25. Nd3 b6 26. Rfc1 Rhc8 27.
Nf4 Nd6 28. Rxc8 Kxc8 29. Bxb6 a6 30. Rc1+ Kb7 31. Bc5 Rc8 32. Re1 Nf5 33. Re6
a5 34. Rb6+ Ka8 35. Ra6+ Kb7 36. Rxa5 Nd4 37. Kf1 Nb3 38. Rb5+ Ka8 39. d6 Nd2+
40. Ke2 Nc4 41. Nd5 Rxc5 42. bxc5 f5 43. d7 1-0

[Event "Olexuv memorial 2016"]
[Site "?"]
[Date "2016.12.26"]
[Round "1.2"]
[White "Spodny, Josef"]
[Black "Krejci, Petr"]
[Result "1/2-1/2"]
[WhiteElo "1906"]
[BlackElo "2012"]
[PlyCount "41"]
[SourceDate "2016.12.26"]

1. d4 d5 2. Nf3 Nf6 3. e3 e6 4. Bd3 c5 5. c3 Nc6 6. O-O Bd6 7. Nbd2 O-O 8. dxc5
Bxc5 9. e4 Qc7 10. Qe2 Bd6 11. Re1 Ng4 12. h3 Nge5 13. Bc2 h6 14. Nxe5 Nxe5 15.
Nf3 Nxf3+ 16. Qxf3 dxe4 17. Qxe4 f5 18. Qe2 e5 19. Bb3+ Kh8 20. Qc4 Qxc4 21.
Bxc4 1/2-1/2

[Event "Olexuv memorial 2016"]
[Site "?"]
[Date "2016.12.26"]
[Round "1.11"]
[White "Richter, Rudolf"]
[Black "Vavrousek, Petr"]
[Result "0-1"]
[WhiteElo "1173"]
[BlackElo "1759"]
[PlyCount "54"]
[SourceDate "2016.12.26"]

1. Nf3 Nf6 2. c4 e6 3. Nc3 d5 4. cxd5 exd5 5. d4 c6 6. g3 Bg4 7. Bg2 Be7 8. Bf4
Nbd7 9. O-O O-O 10. Qd3 Re8 11. Ng5 g6 12. Rfe1 Nh5 13. h3 Nxf4 14. gxf4 Bf5
15. e4 dxe4 16. Bxe4 Bxe4 17. Ncxe4 Nf6 18. Re3 Nd5 19. Rf3 h6 20. Nxf7 Kxf7
21. Re1 Qc7 22. f5 g5 23. Nc5 Bxc5 24. dxc5 Rxe1+ 25. Kg2 Nf4+ 26. Rxf4 gxf4
27. f6 Qe5 0-1

[Event "Olexuv memorial 2016"]
[Site "?"]
[Date "2016.12.26"]
[Round "1.12"]
[White "Zikan, Karel"]
[Black "Wunsch, Radek"]
[Result "1-0"]
[WhiteElo "1720"]
[BlackElo "1000"]
[PlyCount "93"]
[SourceDate "2016.12.26"]

1. Nf3 d5 2. d4 Nf6 3. c4 c6 4. Nc3 e6 5. e3 Nbd7 6. Bd3 dxc4 7. Bxc4 c5 8. O-O
Nb6 9. Bb3 cxd4 10. exd4 Be7 11. Bg5 O-O 12. Qe2 h6 13. Bh4 Nbd5 14. Rac1 Re8
15. Nb5 a6 16. Nc3 b5 17. Nxd5 Nxd5 18. Bg3 Bb7 19. Ne5 Qb6 20. Rfd1 Bg5 21.
Rc5 Rac8 22. h4 Be7 23. Rxc8 Rxc8 24. Qh5 f6 25. Qf7+ Kh7 26. Bxd5 Bxd5 27. Nd7
Qd8 28. Nb6 Qxb6 29. Qxe7 Bxa2 30. Qa3 Bd5 31. Qd3+ Kg8 32. Bf4 Qb7 33. f3 Bc4
34. Qg6 Qf7 35. Qg3 Qh5 36. Rc1 Rd8 37. Be3 g5 38. hxg5 hxg5 39. Qc7 Qe8 40.
Kf2 Qd7 41. Qb6 Qd6 42. Qa7 Rd7 43. Qa8+ Kg7 44. Ra1 b4 45. Rh1 Rd8 46. Qb7+
Rd7 47. Qc8 1-0

[Event "Olexuv memorial 2016"]
[Site "?"]
[Date "2016.12.26"]
[Round "2.1"]
[White "Pelikan, Jaromir"]
[Black "Snorek, Milan"]
[Result "0-1"]
[WhiteElo "2049"]
[BlackElo "1832"]
[PlyCount "64"]
[SourceDate "2016.12.26"]

1. d4 d5 2. Nf3 Nf6 3. c4 dxc4 4. g3 Bf5 5. Bg2 c6 6. a4 e6 7. O-O Be7 8. Ne5
O-O 9. Nc3 h6 10. Nxc4 Na6 11. b3 Bh7 12. Bb2 Qc7 13. Ne5 Rad8 14. e3 Nb4 15.
Rc1 Qb8 16. Qe2 c5 17. Rfd1 cxd4 18. exd4 Nbd5 19. Ne4 Nxe4 20. Bxe4 Bxe4 21.
Qxe4 Nf6 22. Qe2 Qd6 23. Qb5 Qd5 24. Qc4 g6 25. Qd3 Kg7 26. Rc7 Ng8 27. Qc2 Kh8
28. Bc1 a6 29. Ba3 Bxa3 30. Qxg6 Qxe5 31. Qc2 Rxd4 32. Rxb7 Rxd1+ 0-1

[Event "Olexuv memorial 2016"]
[Site "?"]
[Date "2016.12.26"]
[Round "2.2"]
[White "Marsa, Alexandr"]
[Black "Richterova, Julie"]
[Result "1-0"]
[WhiteElo "1906"]
[BlackElo "1779"]
[PlyCount "59"]

1. d4 Nf6 2. c4 e6 3. Nc3 Bb4 4. Qb3 Bxc3+ 5. Qxc3 O-O 6. Bg5 d6 7. Nf3 Nbd7 8.
e3 b6 9. Be2 Bb7 10. O-O c5 11. dxc5 bxc5 12. Rfd1 Qc7 13. Bf4 Ne4 14. Qc2 Qb6
15. Ng5 Ndf6 16. Nxe4 Bxe4 17. Qc3 d5 18. Be5 Ne8 19. f3 Bg6 20. cxd5 exd5 21.
Rxd5 Rc8 22. e4 f6 23. Bg3 Bf7 24. Rd2 Nc7 25. Bc4 Ne6 26. Rd6 Rc6 27. Rad1 Nd4
28. R1xd4 cxd4 29. Bxf7+ Rxf7 30. Qxc6 1-0

[Event "Olexuv memorial 2016"]
[Site "?"]
[Date "2016.12.26"]
[Round "2.5"]
[White "Micka, Norbert"]
[Black "Zikan, Karel"]
[Result "1/2-1/2"]
[WhiteElo "1836"]
[BlackElo "1720"]
[PlyCount "86"]
[SourceDate "2016.12.26"]

1. Nf3 Nf6 2. c4 c5 3. Nc3 Nc6 4. g3 b6 5. Bg2 Bb7 6. O-O g6 7. e3 Bg7 8. d4
cxd4 9. Nxd4 O-O 10. Qd2 Qc7 11. b3 Nxd4 12. exd4 Bxg2 13. Kxg2 d5 14. cxd5 Qb7
15. f3 Nxd5 16. Ne2 Rfd8 17. Bb2 Rd7 18. Rad1 Rc8 19. Rc1 Rdc7 20. Rxc7 Rxc7
21. Rc1 Qc8 22. Rxc7 Qxc7 23. Qc1 Qd7 24. Qd2 h5 25. Bc1 Qc6 26. a4 e6 27. Qd3
Nb4 28. Qc4 a5 29. Qxc6 Nxc6 30. Bb2 Kf8 31. Kf2 Ke7 32. Ke3 Kd7 33. Ba3 Bf6
34. Bb2 Nb4 35. Ke4 Nd5 36. Ba3 Be7 37. Bxe7 Kxe7 38. h4 Kd6 39. Kd3 Kc6 40.
Nc1 b5 41. Ne2 bxa4 42. bxa4 Kd6 43. Kc4 Kc6 1/2-1/2

[Event "Olexuv memorial 2016"]
[Site "?"]
[Date "2016.12.26"]
[Round "2.6"]
[White "Krejci, Petr"]
[Black "Doskar, Miloslav"]
[Result "1-0"]
[WhiteElo "2012"]
[BlackElo "1652"]
[PlyCount "63"]

1. Nf3 d5 2. g3 Nf6 3. Bg2 e6 4. O-O Be7 5. d3 O-O 6. Nbd2 c5 7. e4 Nc6 8. e5
Nd7 9. Re1 Re8 10. c3 Qc7 11. d4 cxd4 12. cxd4 b6 13. Re3 Bb7 14. a3 Rec8 15.
Rc3 Qd8 16. Nb3 Nf8 17. h4 Rc7 18. Be3 Rac8 19. Ng5 Bxg5 20. Bxg5 f6 21. exf6
gxf6 22. Bh6 Qe8 23. h5 Rf7 24. Rac1 Ne7 25. Qg4+ Kh8 26. Bxf8 f5 27. Qe2 Rxf8
28. Qxe6 Rxc3 29. Rxc3 Qxh5 30. Qxe7 Re8 31. Bf3 Qg6 32. Qxb7 1-0

[Event "Olexuv memorial 2016"]
[Site "?"]
[Date "2016.12.26"]
[Round "2.8"]
[White "Hladky, Tadeas"]
[Black "Kasparek, Ondrej"]
[Result "0-1"]
[WhiteElo "1264"]
[BlackElo "1920"]
[PlyCount "88"]
[EventDate "2016.??.??"]
[SourceDate "2016.12.27"]

1. e4 e5 2. Nf3 Nc6 3. d4 exd4 4. Bc4 Nf6 5. O-O Nxe4 6. Re1 d5 7. Bxd5 Qxd5 8.
Nc3 Qh5 9. Nxe4 Be6 10. Neg5 O-O-O 11. Nxe6 fxe6 12. Rxe6 Bd6 13. Bg5 Rd7 14.
Qe2 h6 15. Bd2 g5 16. g3 Qf7 17. Re1 Rf8 18. Re8+ Rd8 19. Rxd8+ Kxd8 20. Kg2 g4
21. Nh4 h5 22. Qe6 Qxf2+ 23. Kh1 Qf7 24. Bg5+ Be7 25. Bxe7+ Nxe7 26. Qe5 Qd5+
27. Kg1 Rf7 28. Ng6 Qxe5 29. Nxe5 Rf5 30. Re4 c5 31. b4 b6 32. Nd3 Kd7 33. bxc5
bxc5 34. Re5 Rxe5 35. Nxe5+ Ke6 36. Nd3 Kd5 37. Nf4+ Kc4 38. Nxh5 Kc3 39. Nf6
Kxc2 40. Nxg4 d3 41. h4 d2 42. Kf2 Nd5 43. h5 d1=Q 44. Nh2 Qd2+ 0-1

[Event "Olexuv memorial 2016"]
[Site "?"]
[Date "2016.12.26"]
[Round "2.9"]
[White "Hala, Pavel"]
[Black "Richterova, Natasa"]
[Result "1/2-1/2"]
[WhiteElo "1684"]
[BlackElo "1274"]
[PlyCount "54"]
[EventDate "2016.??.??"]
[SourceDate "2016.12.27"]

1. c4 e5 2. e4 Nc6 3. a3 b6 4. Nc3 Nf6 5. d3 Bc5 6. h3 O-O 7. Nf3 h6 8. b4 Bd4
9. Nxd4 Nxd4 10. Ne2 Nxe2 11. Bxe2 d6 12. Bb2 c5 13. b5 a6 14. a4 axb5 15. axb5
Bd7 16. O-O Rxa1 17. Qxa1 Qa8 18. Qxa8 Rxa8 19. Ra1 Rxa1+ 20. Bxa1 Nh7 21. g4
Nf8 22. Bc3 Ne6 23. Bd2 Nd4 24. Bd1 f6 25. Kg2 g5 26. Kg3 Kg7 27. h4 Be8
1/2-1/2

[Event "Olexuv memorial 2016"]
[Site "?"]
[Date "2016.12.26"]
[Round "2.10"]
[White "Divis, Jan"]
[Black "Koci, Milos"]
[Result "1-0"]
[WhiteElo "1634"]
[BlackElo "1248"]
[PlyCount "59"]
[EventDate "2016.??.??"]

1. d4 d5 2. Bf4 Nf6 3. e3 e6 4. Nd2 Nbd7 5. Be2 Be7 6. c3 O-O 7. Ngf3 c6 8. h3
Re8 9. Ne5 a6 10. Qc2 c5 11. O-O Nf8 12. Bg3 c4 13. b3 b5 14. bxc4 dxc4 15. Bf3
Nd5 16. Nc6 Qd7 17. Nxe7+ Qxe7 18. e4 Nf6 19. a4 Bb7 20. Rfb1 Qd7 21. e5 Nd5
22. axb5 axb5 23. Qb2 Rxa1 24. Rxa1 Ra8 25. Rb1 Bc6 26. Ne4 Qa7 27. Nd6 Qa5 28.
Bxd5 exd5 29. Nf5 Ne6 30. Ne7+ 1-0

[Event "Olexuv memorial 2016"]
[Site "?"]
[Date "2016.12.26"]
[Round "2.11"]
[White "Brda, Vlastimil"]
[Black "Kriz, Tomas"]
[Result "0-1"]
[WhiteElo "1234"]
[BlackElo "1432"]
[PlyCount "102"]

1. e4 c5 2. g3 Nc6 3. Bg2 d6 4. Nc3 Nf6 5. Nd5 e6 6. Nxf6+ Qxf6 7. c3 Be7 8.
Nf3 h6 9. O-O O-O 10. d3 e5 11. Kh1 Bg4 12. h3 Bh5 13. g4 Bg6 14. Nh2 Qe6 15.
f4 exf4 16. Bxf4 Bf6 17. Bg3 Rfe8 18. Qc2 Rad8 19. Rae1 Qd7 20. h4 Ne5 21. Bh3
Qc7 22. Nf3 Nxf3 23. Rxf3 Qe7 24. Kg2 Bxh4 25. Ref1 Bxg3 26. Rxg3 d5 27. g5
hxg5 28. Qc1 dxe4 29. Re1 Qd6 30. c4 exd3 31. Rxe8+ Rxe8 32. Re3 Be4+ 33. Kf2
Qh2+ 34. Ke1 Rd8 35. Qd2 Qxd2+ 36. Kxd2 f5 37. Re1 Kf7 38. Rg1 g4 39. Bg2 Bxg2
40. Rxg2 Kf6 41. Rg3 Kg5 42. Re3 Rd7 43. a3 b6 44. b4 cxb4 45. axb4 Kf4 46. Re6
g5 47. c5 bxc5 48. bxc5 g3 49. c6 Rc7 50. Kxd3 g2 51. Re1 Rxc6 0-1

[Event "Olexuv memorial 2016"]
[Site "?"]
[Date "2016.12.26"]
[Round "2.12"]
[White "Hladky, Jiri"]
[Black "Richter, Rudolf"]
[Result "1-0"]
[WhiteElo "1304"]
[BlackElo "1173"]
[PlyCount "67"]
[SourceDate "2016.12.27"]

1. e4 d5 2. exd5 Qxd5 3. Nf3 Bg4 4. Nc3 Qd6 5. d4 c6 6. Be2 Nf6 7. O-O e6 8.
Re1 Nbd7 9. Bg5 Qc7 10. Ne5 Nxe5 11. Bxf6 Bxe2 12. Qxe2 gxf6 13. dxe5 Qxe5 14.
Qf3 Qg5 15. Ne4 Qb5 16. Qxf6 Rg8 17. Rad1 Be7 18. Qd4 Rd8 19. Qxd8+ Bxd8 20.
Nd6+ Ke7 21. Nxb5 cxb5 22. Re3 Bb6 23. Rh3 Rg7 24. Rhd3 f6 25. Rd7+ Kf8 26.
Rxg7 Kxg7 27. Rd7+ Kg6 28. Rxb7 Kf5 29. Rxh7 e5 30. Kf1 e4 31. Ke2 Kf4 32. g3+
Kf5 33. h3 Bd4 34. Rh5+ 1-0

[Event "Olexuv memorial 2016"]
[Site "?"]
[Date "2016.12.26"]
[Round "2.4"]
[White "Vavrousek, Petr"]
[Black "Effenberger, Adam"]
[Result "0-1"]
[WhiteElo "1759"]
[BlackElo "1868"]
[PlyCount "108"]
[SourceDate "2016.12.27"]

1. e4 c5 2. Nf3 e6 3. d4 cxd4 4. Nxd4 a6 5. c4 Nf6 6. Nc3 Bb4 7. Bd3 Nc6 8.
Nxc6 dxc6 9. O-O e5 10. Bg5 O-O 11. Qf3 Be7 12. Bxf6 Bxf6 13. Rfd1 Qc7 14. Bf1
Be6 15. Na4 Rad8 16. Nc5 Bc8 17. Rxd8 Rxd8 18. Rd1 Rd4 19. b4 Qd6 20. Rxd4 Qxd4
21. Nb3 Qb2 22. Qe2 Qxe2 23. Bxe2 b6 24. a3 Be7 25. Kf1 Be6 26. Ke1 Kf8 27. Kd2
Ke8 28. Kc3 Kd7 29. a4 Kc7 30. g3 f5 31. exf5 Bxf5 32. c5 bxc5 33. Nxc5 a5 34.
Na6+ Kb6 35. bxa5+ Kxa5 36. Nb8 Bb4+ 37. Kb3 Be4 38. Nd7 Bd6 39. f4 exf4 40.
gxf4 Bd5+ 41. Bc4 Bxc4+ 42. Kxc4 Bxf4 43. h3 Bd6 44. Nc5 Be7 45. Ne6 g5 46. Nd4
Kb6 47. a5+ Kc7 48. Ne6+ Kb7 49. Nc5+ Bxc5 50. Kxc5 h5 51. a6+ Kxa6 52. Kxc6 g4
53. hxg4 hxg4 54. Kd5 g3 0-1

[Event "Olexuv memorial 2016"]
[Site "?"]
[Date "2016.12.26"]
[Round "2.2"]
[White "Veznik, Michael"]
[Black "Borovicka, Bohumil"]
[Result "1/2-1/2"]
[WhiteElo "1780"]
[BlackElo "1991"]
[PlyCount "88"]
[SourceDate "2016.12.27"]

1. e4 d5 2. exd5 Qxd5 3. Nc3 Qd6 4. d4 Nf6 5. Nb5 Qb6 6. c4 c6 7. Nc3 Bf5 8.
Bd3 Bxd3 9. Qxd3 e6 10. Nf3 Be7 11. O-O O-O 12. Rd1 Nbd7 13. h3 Rfd8 14. Qe2
Re8 15. Ne5 Rad8 16. Bf4 Nf8 17. c5 Qb4 18. a3 Qb3 19. Nc4 Nd5 20. Bd2 b6 21.
Ne4 bxc5 22. dxc5 Nd7 23. Ncd6 Bxd6 24. Nxd6 Rf8 25. Bb4 Nxb4 26. axb4 Qxb4 27.
Rxa7 Qxc5 28. Rb7 Nf6 29. b4 Qc3 30. Rd3 Qa1+ 31. Rd1 Qa8 32. Rb6 Nd5 33. Ra6
Qb8 34. Ne4 Qb5 35. Qxb5 cxb5 36. Rb1 Ra8 37. Ra5 Rxa5 38. bxa5 b4 39. Nd6 Ra8
40. Nb7 Kf8 41. Rc1 Ke7 42. Ra1 Kd7 43. Nc5+ Kc7 44. g3 h6 1/2-1/2

[Event "Olexuv memorial 2016"]
[Site "?"]
[Date "2016.12.27"]
[Round "3.1"]
[White "Snorek, Milan"]
[Black "Marsa, Alexandr"]
[Result "0-1"]
[WhiteElo "2049"]
[BlackElo "1906"]
[PlyCount "58"]
[SourceDate "2016.12.27"]

1. d4 Nf6 2. c4 e6 3. g3 d5 4. Bg2 dxc4 5. Nf3 a6 6. a4 Bb4+ 7. Bd2 c5 8. Qc2
Bxd2+ 9. Nbxd2 cxd4 10. Qxc4 Nc6 11. Nb3 e5 12. Ng5 O-O 13. Bxc6 bxc6 14. Qxc6
Rb8 15. Nc5 Qa5+ 16. Kf1 h6 17. h4 Rb6 18. Qc7 Nd5 19. Qxe5 Qxc5 20. Nf3 Bb7
21. Kg1 Rxb2 22. Kh2 d3 23. Nd4 Rxe2 24. Nxe2 Qxf2+ 25. Kh3 dxe2 26. h5 Ne3 27.
Rhg1 Bg2+ 28. Kh4 Nf5+ 29. Kg4 Qf3# 0-1

[Event "Olexuv memorial 2016"]
[Site "?"]
[Date "2016.12.27"]
[Round "3.2"]
[White "Effenberger, Adam"]
[Black "Krejci, Petr"]
[Result "0-1"]
[WhiteElo "1868"]
[BlackElo "2012"]
[PlyCount "144"]
[EventDate "2016.??.??"]

1. e4 d5 2. exd5 Qxd5 3. d4 Nf6 4. Nc3 Qa5 5. Bd3 Bg4 6. Nge2 Nc6 7. f3 Bf5 8.
O-O O-O-O 9. Be3 Nb4 10. Bxf5+ Qxf5 11. Rc1 e5 12. a3 Nbd5 13. Bf2 h5 14. Nxd5
Nxd5 15. c4 Nf4 16. Nxf4 Qxf4 17. Bg3 Qxd4+ 18. Qxd4 exd4 19. c5 h4 20. Bf4 Rh5
21. c6 Bc5 22. b4 Bb6 23. Rfd1 Rf5 24. Bd2 h3 25. Be1 Re5 26. Bf2 hxg2 27. Kxg2
Re2 28. Kf1 Ra2 29. cxb7+ Kxb7 30. Ra1 Rxa1 31. Rxa1 Kc6 32. Ke1 Kb5 33. Kd2
Ka4 34. Kd3 Rd6 35. Rg1 g6 36. Rg4 Kxa3 37. Be1 f5 38. Rg1 Ka4 39. Bd2 Kb5 40.
h4 Rf6 41. Rg5 c5 42. bxc5 Kxc5 43. h5 gxh5 44. Rxh5 Kd5 45. Rh8 Bc5 46. Rd8+
Rd6 47. Rf8 Ke6 48. Re8+ Kf7 49. Ra8 Ra6 50. Kc4 Bb6 51. Bb4 Ra4 52. Kb5 Ra2
53. Rf8+ Ke6 54. Re8+ Kd5 55. Rf8 Ke5 56. Re8+ Kf4 57. Rf8 Bc7 58. Kc4 a5 59.
Be7 Be5 60. Kd3 Rf2 61. Ra8 Rxf3+ 62. Kc4 Rc3+ 63. Kd5 Rc7 64. Bg5+ Kxg5 65.
Kxe5 Re7+ 66. Kxd4 a4 67. Kd3 Re4 68. Rg8+ Kf4 69. Ra8 Kf3 70. Kd2 f4 71. Kd1
Kf2 72. Ra7 f3 0-1

[Event "Olexuv memorial 2016"]
[Site "?"]
[Date "2016.12.27"]
[Round "3.3"]
[White "Borovicka, Bohumil"]
[Black "Micka, Norbert"]
[Result "1/2-1/2"]
[WhiteElo "1991"]
[BlackElo "1836"]
[PlyCount "47"]
[SourceDate "2016.12.27"]

1. d4 Nf6 2. Bf4 g6 3. e3 Bg7 4. Nf3 O-O 5. Be2 d6 6. h3 c5 7. c3 b6 8. O-O Bb7
9. Nbd2 Nbd7 10. a4 a6 11. Bh2 Re8 12. b4 Nd5 13. Qb3 cxd4 14. cxd4 N5f6 15.
Rac1 Rc8 16. Rfd1 Rf8 17. Bd3 Rxc1 18. Rxc1 Qa8 19. Bc4 h6 20. Bd3 Kh8 21. Be2
Kg8 22. Bd3 Kh8 23. Be2 Kg8 24. Bd3 1/2-1/2

[Event "Olexuv memorial 2016"]
[Site "?"]
[Date "2016.12.27"]
[Round "3.4"]
[White "Zikan, Karel"]
[Black "Veznik, Michael"]
[Result "0-1"]
[WhiteElo "1720"]
[BlackElo "1780"]
[PlyCount "72"]

1. Nf3 g6 2. c4 c5 3. Nc3 Bg7 4. g3 Nc6 5. Bg2 e6 6. O-O Nge7 7. b3 d5 8. cxd5
exd5 9. Bb2 b5 10. Na4 Bxb2 11. Nxb2 O-O 12. Rc1 Qd6 13. Qc2 c4 14. d3 Nb4 15.
Qb1 cxb3 16. axb3 Bd7 17. Nd1 Rac8 18. Ne3 d4 19. Nc2 Rxc2 20. Rxc2 Nxc2 21.
Qxc2 Rc8 22. Qb2 Nc6 23. Rc1 Qb4 24. Nd2 Na5 25. Rxc8+ Bxc8 26. Bd5 Qc3 27. Qa2
Bh3 28. Nf1 Nc6 29. Bg2 Be6 30. Bxc6 Qxc6 31. f3 Qc7 32. Kg2 a5 33. Nd2 a4 34.
Ne4 f5 35. Ng5 Bxb3 36. Qb2 Qc3 0-1

[Event "Olexuv memorial 2016"]
[Site "?"]
[Date "2016.12.27"]
[Round "3.6"]
[White "Kasparek, Ondrej"]
[Black "Vavrousek, Petr"]
[Result "0-1"]
[WhiteElo "1922"]
[BlackElo "1759"]
[PlyCount "38"]
[SourceDate "2016.12.27"]

1. e4 e6 2. d4 d5 3. e5 c5 4. c3 Nc6 5. Nf3 Bd7 6. a3 Nge7 7. b4 cxd4 8. cxd4
Qb6 9. Nc3 Nf5 10. Na4 Qd8 11. Nc5 Bxc5 12. bxc5 b6 13. cxb6 Qxb6 14. Be3 Nxe3
15. fxe3 O-O 16. Bd3 Qa5+ 17. Qd2 Qxd2+ 18. Kxd2 Na5 19. Rac1 Nb3+ 0-1

[Event "Olexuv memorial 2016"]
[Site "?"]
[Date "2016.12.27"]
[Round "3.7"]
[White "Spodny, Josef"]
[Black "Divis, Jan"]
[Result "1/2-1/2"]
[WhiteElo "1904"]
[BlackElo "1634"]
[PlyCount "64"]
[SourceDate "2016.12.27"]

1. e4 d5 2. Nc3 dxe4 3. Nxe4 Nd7 4. d4 Ngf6 5. Bd3 Nxe4 6. Bxe4 Nf6 7. Bd3 c6
8. c3 Bg4 9. Qb3 Qb6 10. h3 Qxb3 11. axb3 Be6 12. b4 Bd7 13. Nf3 e6 14. Bf4 h6
15. Ne5 g5 16. Bh2 Be7 17. Nc4 O-O 18. Ne5 Rfd8 19. Ng4 Nxg4 20. hxg4 Bf8 21.
Be5 Re8 22. O-O-O a5 23. bxa5 Rxa5 24. f4 Ra1+ 25. Bb1 gxf4 26. Kd2 f5 27. gxf5
exf5 28. Bxf4 c5 29. d5 Ba4 30. Rde1 Bd7 31. g4 Rxe1 32. Rxe1 Ra4 1/2-1/2

[Event "Olexuv memorial 2016"]
[Site "?"]
[Date "2016.12.27"]
[Round "3.8"]
[White "Wunsch, Radek"]
[Black "Pelikan, Jaromir"]
[Result "0-1"]
[WhiteElo "1000"]
[BlackElo "1832"]
[PlyCount "43"]
[SourceDate "2016.12.27"]

1. e4 c6 2. d4 d5 3. e5 Bf5 4. Nf3 e6 5. Be2 c5 6. Be3 Qb6 7. Nbd2 Qxb2 8. Rb1
Qxa2 9. Rxb7 c4 10. c3 Bc2 11. Bxc4 dxc4 12. Qe2 Qa1+ 13. Nb1 Bd3 14. Qd1 Qa6
15. Rxf7 Kxf7 16. Ng5+ Ke8 17. Qf3 Nh6 18. Qxa8 Qb6 19. Nd2 Be7 20. Nxe6 Qxe6
21. Qxb8+ Bd8 22. Qxa7 0-1